| 000 | 00561nam a2200217 a 4500 | ||
|---|---|---|---|
| 999 |
_c5517 _d5517 |
||
| 001 | 5517 | ||
| 003 | BD-JhCC | ||
| 005 | 20171218125500.0 | ||
| 008 | 171217s1977 bg |||| ||a| 001 0 eng d | ||
| 035 | _a(BD-JhCC)5517 | ||
| 040 |
_aBD-JhCC _dBD-JhCC |
||
| 041 | _aeng | ||
| 082 |
_a320 _bKAP 1977 |
||
| 100 | _aKapoor, Anup Chand | ||
| 245 |
_aPrinciples Of Politicai Science / _cAnup Chand Kapoor |
||
| 260 |
_aIndia : _bS. Chand & Company Ltd, _c1977. |
||
| 300 |
_a703 p. : _c21 cm. |
||
| 650 | _aPolitical Science | ||
| 942 |
_2ddc _cBK |
||